000 00495nam a22001937a 4500
003 MPLRDC
005 20220104114413.0
008 210129b ||||| |||| 00| 0 eng d
020 _a957-9546-15-0
082 _a848.2 YXY-3 v.13
100 _a杨小云著
245 _a活出自己的味道来
_c
250 _a初版三十一
260 _a
_b健行文化出版事业有限
_c1994
300 _b
490 _a生活丛书; 13
650 _a现代别集
942 _cBK
_o848.2 YXY-3 v.13
999 _c7209
_d7199